Política de participación social en la conservación / (Registro nro. 2619)

Detalles MARC
000 -CABECERA
Campo de control 01466nam a2200337 a 4500
005 - FECHA Y HORA DE LA ULTIMA TRANSACCION
Campo de control 20150903020002.0
008 - ELEMENTOS DE LONGITUD FIJA—INFORMACION GENERAL
Campo de control 140306b2001 ck ||||| |||| 00| 0 spa d
020 ## - ISBN
ISBN 958332891X
040 ## - FUENTE DE CATALOGACIÓN
Agencia catalogadora original CO-BoIAVH
Agencia transcriptora CO-BoIAVH
041 0# - IDIOMA
Código de idioma para texto/pista de sonido o título separado Español
044 ## - PAÍS DE PUBLICACIÓN
País de publicación Colombia
082 04 - NUMERO DE CLASIFICACION DECIMAL DEWEY
Número de clasificación 333.7204
Número del ítem N32p
090 ## - CLASIFICACIÓN LOCAL
Colección LB
Consecutivo 02428
110 2# - ASIENTO PRINCIPAL--NOMBRE CORPORATIVO
Unidad subordinad Ministerio del Medio Ambiente
-- Unidad Administrativa Especial del Sistema de Parques Nacionales Naturales, UAESPNN
Nombre corporativo o de jurisdicción como elemento de entrada Colombia
9 (RLIN) 37977
245 1# - MENCION DE TITULO
Título Política de participación social en la conservación /
Mención de responsabilidad Parques nacionales de Colombia
260 ## - PUBLICACION, DISTRIBUCION, ETC. (PIE DE IMPRENTA)
Lugar de publicación, distribución, etc. Bogotá (Colombia):
Nombre del editor, distribuidor, etc. Minambiente,
-- UAESPNN,
Fecha de publicación, distribución, etc. 2001.
300 ## - DESCRIPCION FISICA
Extensión 85 páginas
Otros detalles físicos ilustraciones, gráficas y tablas.
Dimensiones 24 cm.
500 ## - NOTA GENERAL
Nota general Incluye anexo.
504 ## - NOTA DE BIBLIOGRAFIA, ETC.
Nota de bibliografía Incluye referencias bibliográficas (Páginas77-80).
505 ## - NOTA DE CONTENIDO
Nota de contenido Fundamentos de política de parques con la gente.<br/>Objetivos y lineamientos estratégicos.<br/>Bases jurídicas para la gestión.<br/>Estrategias metodológicas.
650 #6 - ASIENTO SECUNDARIO DE MATERIA - TERMINO TEMATICO
Término temático o nombre geográfico como elemento de entrada Áreas protegidas
Subdivisión geográfica Colombia
9 (RLIN) 37978
650 #4 - ASIENTO SECUNDARIO DE MATERIA - TERMINO TEMATICO
Término temático o nombre geográfico como elemento de entrada Parques nacionales naturales
Subdivisión geográfica Colombia
9 (RLIN) 37979
650 #6 - ASIENTO SECUNDARIO DE MATERIA - TERMINO TEMATICO
Término temático o nombre geográfico como elemento de entrada Áreas protegidas
Subdivisión general Manejo
Subdivisión geográfica Colombia
9 (RLIN) 37980
650 #4 - ASIENTO SECUNDARIO DE MATERIA - TERMINO TEMATICO
Término temático o nombre geográfico como elemento de entrada Participación comunitaria
Subdivisión geográfica Colombia
9 (RLIN) 37981
650 #4 - ASIENTO SECUNDARIO DE MATERIA - TERMINO TEMATICO
Término temático o nombre geográfico como elemento de entrada Conservación in situ
Subdivisión geográfica Colombia
9 (RLIN) 37982
650 #4 - ASIENTO SECUNDARIO DE MATERIA - TERMINO TEMATICO
Término temático o nombre geográfico como elemento de entrada Manejo participativo
Subdivisión geográfica Colombia
9 (RLIN) 37983
650 #6 - ASIENTO SECUNDARIO DE MATERIA - TERMINO TEMATICO
Término temático o nombre geográfico como elemento de entrada Ordenamiento territorial
Subdivisión geográfica Colombia
9 (RLIN) 37984
662 ## - ASIENTO SECUNDARIO DE MATERIA - JERARQUIA DEL NOMBRE DE LUGAR(
País o entidad mayor Colombia
700 1# - ASIENTO SECUNDARIO - NOMBRE PERSONAL
Nombre personal Navarrete Rodríguez, Juan Manuel
9 (RLIN) 16777
942 ## - ELEMENTOS ADICIONALES (KOHA)
Tipo de ítem Libro
Sistema de clasificación Local
Koha issues (borrowed), all copies 1
Existencias
Withdrawn status Lost status Sistema de Clasificación Damaged status No para préstamo Colección Inventariado Ubicación Permanente Ubicación actual Fecha de adquisición Fuente de Valor Valor Total Checkouts Número topográfico Inventario / Código de Barras Date last seen Date checked out Ejemplar Price effective from Forma de adquisición Tipo de material
    Dewey Decimal Classification     General Inventariado 2017 Bogotá Bogotá 27/05/2002 Instituto 39000.00 1 LB-333.7204 N32p 004903 01/10/2015 02/09/2015 Ej. 1 04/12/2012   Libro
    Dewey Decimal Classification     General Inventariado 2017 Bogotá Bogotá 14/08/2007 Instituto 39000.00   LB-333.7204 N32p 025036 04/12/2012   Ej. 2 04/12/2012   Libro